| 000 | 01304nam a2200313 i 4500 | ||
|---|---|---|---|
| 001 | 768714001 | ||
| 003 | CO-MdFUSB | ||
| 005 | 20230525111810.0 | ||
| 007 | ta | ||
| 008 | 211005t1997 ck aco|| |||| 00| 0 spa d | ||
| 020 | _a[No incluye ISBN] | ||
| 040 |
_aCO-MdFUSB _bspa _cCO-MdFUSB _dCO-MdFUSBC _erda |
||
| 041 | _aspa | ||
| 082 |
_223 _a220.53 _bN125 |
||
| 110 | _aAsociación Comunidad Cuiba Wamonae | ||
| 245 | 1 |
_aNacom pejume diwesi xua peru diwesi xua poxonae aena : _bel libro de Génesis y un resúmen de pasajes selectos del Antiguo Testamento y en el idioma Cuiba -wámonae de los Llanos de Colombia y Venezuela. _c/ Asociación Comunidad Cuiba Wamonae |
|
| 264 | 1 |
_aColombia : _bSociedad Bíblica Internacional, _c[1997] |
|
| 264 | 4 | _c© 1997 | |
| 300 |
_a653 páginas _c; 22 cm |
||
| 336 |
_2rdacontent _atexto _btxt |
||
| 337 |
_2rdamedia _asin mediación _bn |
||
| 338 |
_2rdacarrier _avolumen _bnc |
||
| 505 | _aIntroducción. -- Génesis. -- Prólogo. -- Resumen (historias 1-138). -- Salmos. -- Proverbios. -- Tablo cronológica. -- Periodo intertestamentario. -- Vocabulario. -- Índice del Antiguo Testamento. -- Mapas y planos. | ||
| 563 | _aRústico | ||
| 650 | 0 |
_916 _aBiblia |
|
| 650 | 7 |
_97104 _aTraducción _2embne _eLengua cuiba-wámonae |
|
| 942 | _cBK | ||
| 945 | _aJTF-925 | ||
| 999 |
_c66919 _d66919 |
||